Market leader : Pre-intermediate business English
The Market Leader Class CDs contain all the listening texts from the Market Leader Course Book.
שמור ב:
| מחבר ראשי: | |
|---|---|
| פורמט: | ספר |
| שפה: | Undetermined |
| יצא לאור: |
England
Pearson Education Ltd.
2007
|
| נושאים: | |
| תגים: |
הוספת תג
אין תגיות, היה/י הראשונ/ה לתייג את הרשומה!
|
| Thư viện lưu trữ: | Trung tâm Học liệu Trường Đại học Cần Thơ |
|---|
| LEADER | 00815nam a2200229Ia 4500 | ||
|---|---|---|---|
| 001 | CTU_143859 | ||
| 008 | 210402s9999 xx 000 0 und d | ||
| 020 | |c 80500 | ||
| 082 | |a 428.24 | ||
| 082 | |b C851/CD.2 | ||
| 100 | |a Cotton, David | ||
| 245 | 0 | |a Market leader : | |
| 245 | 0 | |b Pre-intermediate business English | |
| 245 | 0 | |c David Cotton, David Falvey, Simon Kent | |
| 260 | |a England | ||
| 260 | |b Pearson Education Ltd. | ||
| 260 | |c 2007 | ||
| 520 | |a The Market Leader Class CDs contain all the listening texts from the Market Leader Course Book. | ||
| 650 | |a English language,English language,Tiếng Anh thực hành,Tiếng Anh thực hành | ||
| 650 | |x Business English,Tiếng Anh trong kinh doanh | ||
| 904 | |i Giang | ||
| 980 | |a Trung tâm Học liệu Trường Đại học Cần Thơ | ||